| 000 | 00377nam a2200157Ia 4500 | ||
|---|---|---|---|
| 008 | 230917s9999||||xx |||||||||||||| ||und|| | ||
| 020 | _cPON12 | ||
| 040 |
_e22499 _aMAIN |
||
| 041 | _aEnglish | ||
| 082 | _a301.11 r59M | ||
| 100 | _aRock, Paul | ||
| 245 | 0 | _aMaking of sumbolic interactionism | |
| 260 |
_aLondon, Macmillan _c1979 |
||
| 300 | _axviii, 68 p. | ||
| 942 | _cBK | ||
| 999 |
_c199952 _d199952 |
||